| 000 | 00560nam a22001937a 4500 | ||
|---|---|---|---|
| 003 | OSt | ||
| 005 | 20170303144829.0 | ||
| 008 | 170303b xxu||||| |||| 00| 0 eng d | ||
| 020 | _a0521460654 | ||
| 040 | _cDDC. | ||
| 082 | _a530.143GOM 1996. | ||
| 100 |
_aGo'mez,Cesar;Ruiz-Altaba,Marti;Sierra,German; _911751 |
||
| 245 | _aQuantum Groups in Two-Dimensional Physics. | ||
| 260 |
_aCambridge . _bCambridge University Press. _c1996. |
||
| 300 |
_axiii,457p; _bill: _c26cm. |
||
| 504 | _aincludes references. | ||
| 650 |
_aPhysics. _9809 |
||
| 942 |
_2ddc _cO_SHELF |
||
| 999 |
_c5636 _d5636 |
||